[Event "Politiken Cup"]
[Site "Copenhagen DEN"]
[Date "2004.08.01"]
[Round "10"]
[White "Archangelsky,M"]
[Black "Olsson,T"]
[Result "1/2-1/2"]
[WhiteElo "2312"]
[BlackElo "2099"]

1.d4 Nf6 2.Bg5 d5 3.Nd2 c6 4.e3 Bf5 5.Bxf6 exf6 6.Ne2 Be7 7.Ng3 Bg6 8.Be2 O-O
9.O-O Re8 10.c4 f5 11.Qb3 dxc4 12.Qxb7 Qd7 13.Qxa8 Na6 14.Qxe8+ Qxe8 15.Nxc4 Nb4
16.Rfd1 Nd5 17.Ne5 Bd6 18.Rac1 f4 19.exf4 Nxf4 20.Bf3 Bxe5 21.dxe5 h5 22.Rxc6 Qxe5
23.h4 Bd3 24.Rc8+ Kh7 25.Rxd3 Qe1+ 26.Kh2 Nxd3 27.Be4+ g6 28.Bxd3 Qxf2 29.Rc4 Qxb2
30.a4 Qd2 31.Be2 f5 32.Bf3 Kh6 33.Kh3 Qa2 34.Rf4 Kg7 35.Rd4 Qa1 36.Rc4 Kf6
37.Kh2 Ke6 38.Rc6+ Kd7 39.Rc4 Kd8 40.Rf4 Kc7 41.Ne2 Qe1 42.Ng1 Kb6 43.g3 Qd2+
44.Bg2 Qc3 45.Nf3 Qg7 46.Nd4 a5 47.Bc6 Qe5 48.Bb5 Qe3 49.Kg2 Kc7 50.Ne2 Kd6
51.Rd4+ Ke5 52.Rd7 Kf6 53.Rd6+ Kf7 54.Rc6 Qe4+ 55.Kf2 Qe5 56.Ra6 Qc5+ 57.Kf1 Qb4
58.Rb6 Qd2 59.Kf2 g5 60.hxg5 Qxg5 61.Ra6 h4 62.gxh4 Qxh4+ 63.Ke3 Qe4+ 64.Kd2 f4
65.Nc3 Qe3+ 66.Kc2 f3 67.Rxa5 f2 68.Kb3 Qc1 69.Ra7+ Kg6 70.a5 f1=Q 71.Bxf1 Qxf1
72.a6 Qd3 73.Ra8 Qd7 74.Rb8 Qe6+ 75.Kc2 Qxa6  1/2-1/2

[Event "Open"]
[Site "Davos SUI"]
[Date "2004.08.01"]
[Round "2"]
[White "Cebalo,M"]
[Black "Habibi,Al"]
[Result "1-0"]
[WhiteElo "2527"]
[BlackElo "2269"]

1.d4 Nf6 2.Bg5 d5 3.e3 e6 4.c4 Bb4+ 5.Nc3 c6 6.Bxf6 Qxf6 7.Nf3 Nd7 8.Bd3 dxc4
9.Bxc4 e5 10.O-O Bxc3 11.bxc3 O-O 12.a4 exd4 13.cxd4 Nb6 14.Bb3 Bg4 15.h3 Bxf3
16.Qxf3 Qxf3 17.gxf3 Rfd8 18.Rab1 Rab8 19.Rfc1 Kf8 20.a5 Nc8 21.a6 Ne7 22.axb7 Rxb7
23.Ba4 Rb6 24.Ra1 f5 25.f4 Rd7 26.Rc4 Rdb7 27.Kg2 g6 28.h4 Kg7 29.Rac1 Rc7
30.Rc5 Ra6 31.Bd1 Rd7 32.Bf3 Rd6 33.h5 gxh5 34.Bxh5 Rh6 35.Bd1 Kf6 36.Rb1 Rg6+
37.Kf1 Rb6 38.Ra1 Rg8 39.Bc2 a6 40.Bd3 h5 41.Rxa6 Rxa6 42.Bxa6 Rb8 43.Be2 h4
44.Kg2 Ke6 45.Bf3 Kd6 46.Rc2 Rh8 47.Kh3 Rh6 48.Rc1 Rh8 49.Rg1 c5 50.dxc5+ Kxc5
51.Rg5 Kd6 52.Rh5 Rg8 53.Rxh4 Rg7 54.Rh6+ Kc5 55.Be2 Kb4 56.Rd6 Kc3 57.Rd7 Kb4
58.Kh2 Kc5 59.Bf3 Kc4 60.Bg2 Kc3 61.Kg1 Kc2 62.Kf1 Kc3 63.Bf3 Kc2 64.Ke2 Kc3
65.Rc7+ Kb4 66.Kd3 Kb5 67.Kd4 Kb6 68.Rb7+ Ka6 69.Kc5  1-0

[Event "Open"]
[Site "Davos SUI"]
[Date "2004.08.02"]
[Round "3"]
[White "Curien,N"]
[Black "Brunner,W"]
[Result "0-1"]
[WhiteElo "2218"]
[BlackElo "2205"]

1.d4 Nf6 2.Bg5 c5 3.d5 Qb6 4.Nc3 Qxb2 5.Bd2 Qb6 6.e4 e5 7.f4 d6 8.f5 h5 9.Nf3 Be7
10.Rb1 Qd8 11.Bc4 Nbd7 12.a4 a6 13.Qe2 Qc7 14.O-O Nb6 15.Ba2 Bd7 16.a5 Na4
17.Nxa4 Bxa4 18.Rb2 O-O 19.Bc4 Bd7 20.Ng5 Rfc8 21.h3 Rab8 22.Rfb1 Bb5 23.Bxb5 axb5
24.Rxb5 c4 25.Be3 Bd8 26.Bb6 Qe7 27.Ba7 Ra8 28.Rxb7 Nd7 29.Kh1 Qxg5 30.Rxd7 Bxa5
31.Rbb7 Qc1+ 32.Bg1 Rf8 33.Kh2 Bd2 34.Ra7 Rxa7 35.Bxa7 Qxc2 36.Rxd6 Bf4+  0-1

[Event "Open"]
[Site "Charleroi BEL"]
[Date "2004.08.03"]
[Round "5"]
[White "Vandevoort,P"]
[Black "Mattheys,E"]
[Result "1-0"]
[WhiteElo "2378"]
[BlackElo "1942"]

1.d4 Nf6 2.Bg5 g6 3.Bxf6 exf6 4.c4 f5 5.e3 Bg7 6.Nc3 O-O 7.Nge2 b6 8.g3 Bb7
9.d5 c5 10.Bg2 d6 11.h4 h5 12.Qc2 Nd7 13.O-O Ne5 14.b3 Bf6 15.a4 a5 16.Rae1 Bc8
17.Nb5 g5 18.hxg5 Bxg5 19.f4 Ng4 20.fxg5 Nxe3 21.Qd2 Nxf1 22.Kxf1 Re8 23.Bf3 f4
24.Nxf4 Rxe1+ 25.Qxe1 Bg4 26.Bxg4 hxg4 27.g6 Qf6 28.gxf7+ Kf8 29.Nc7  1-0

[Event "ch-GBR"]
[Site "Scarborough ENG"]
[Date "2004.08.04"]
[Round "3"]
[White "Taylor,Mart"]
[Black "Ledger,S"]
[Result "1-0"]
[WhiteElo "2331"]
[BlackElo "2203"]

1.d4 Nf6 2.Bg5 d5 3.Bxf6 exf6 4.e3 g6 5.c4 c6 6.Nc3 dxc4 7.Bxc4 Bg7 8.Nge2 O-O
9.h4 Qe7 10.h5 b5 11.Bb3 b4 12.Na4 g5 13.h6 Bh8 14.Bc2 Be6 15.Qd3 f5 16.Ng3 Qf6
17.Nxf5 Bxf5 18.Qxf5 Qxf5 19.Bxf5 Re8 20.Kd2 Na6 21.Rac1 c5 22.Nxc5 Nxc5
23.Rxc5  1-0

[Event "FSGM August"]
[Site "Budapest HUN"]
[Date "2004.08.07"]
[Round "1"]
[White "Nguyen Ngoc Truongson"]
[Black "Paschall,W"]
[Result "1/2-1/2"]
[WhiteElo "2466"]
[BlackElo "2389"]

1.d4 Nf6 2.Bg5 d5 3.e3 c5 4.Nd2 cxd4 5.exd4 Nc6 6.c3 Qb6 7.Qb3 e6 8.Ngf3 Bd7
9.Bd3 Bd6 10.O-O h6 11.Bh4 Nh5 12.Rfe1 Nf4 13.Bf1 Na5 14.Qxb6 axb6 15.b4 Nc6
16.Bg3 g5 17.a3 f6 18.c4 Kf7 19.c5 bxc5 20.dxc5 Be7 21.Nb3 e5 22.Bb5 Bf5
23.Re3 Ra7 24.Rae1 Bd8 25.Bxc6 bxc6 26.Nbd4 exd4 27.Nxd4 Bd7 28.b5 cxb5 29.c6 Ra4
30.cxd7 Rxd4 31.Bxf4 gxf4 32.Re8 Rf8 33.Rxf8+ Kxf8 34.Re8+ Kf7 35.Kf1 Be7
36.d8=Q Bxd8 37.Rxd8 Rd3 38.Ke2 Rxa3 39.Rxd5 f3+ 40.gxf3 b4 41.Rb5 Rb3 42.f4 Ke6
43.h4 Rb1 44.Kd3 b3 45.h5 b2 46.Ke2 Kd6 47.Kf3 Kc6 48.Rb8 Kd5 49.Rd8+ Kc4
50.Rc8+ Kd3 51.Rb8 f5 52.Rb7 Kc2 53.Rc7+ Kd1 54.Rb7 Ke1 55.Kg2 Ke2 56.Rb8 Kd3
57.Rb7 Kc4 58.Rc7+ Kd4 59.Rb7  1/2-1/2

[Event "ch-Arab"]
[Site "Dubai UAE"]
[Date "2004.08.07"]
[Round "5"]
[White "Hamdouchi,H"]
[Black "Belkhodja,S"]
[Result "1/2-1/2"]
[WhiteElo "2556"]
[BlackElo "2463"]

1.d4 Nf6 2.Bg5 d5 3.e3 c5 4.Nc3 cxd4 5.Bxf6 gxf6 6.exd4 Nc6 7.Nf3 Bg4 8.Be2 e6
9.O-O Bd6 10.Re1 O-O 11.Qd2 Kh8 12.h3 Bxf3 13.Bxf3 f5 14.Nb5 Bb4 15.c3 Ba5
16.b4 a6 17.bxa5 axb5 18.Rab1 Rxa5 19.Be2 Qh4 20.Bxb5 Rg8 21.Kh2 f4 22.Bxc6 bxc6
23.Rb7 Qf6 24.Reb1 c5 25.dxc5 Rxc5 26.Qd4 Qxd4 27.cxd4 Rc2 28.Rxf7 Rxf2 29.Rg1 Rxa2
30.Rxf4  1/2-1/2

[Event "HZ Open"]
[Site "Vlissingen NED"]
[Date "2004.08.08"]
[Round "3"]
[White "Kalisvaart,P"]
[Black "Maes,W"]
[Result "1/2-1/2"]
[WhiteElo "2119"]
[BlackElo "2318"]

1.d4 Nf6 2.Bg5 d5 3.Nd2 c6 4.c3 Bf5 5.Ngf3 Nbd7 6.e3 Qb6 7.Qb3 e6 8.Nh4 Bg6
9.Nxg6 hxg6 10.Bd3 Bd6 11.Qxb6 axb6 12.e4 dxe4 13.Nxe4 Nxe4 14.Bxe4 b5 15.Bd2 Nb6
16.h3 Nd5 17.O-O O-O 18.a3 Nb6 19.Rae1 Rfd8 20.Bc1 Be7 21.f4 Rd7 22.g4 Bf8
23.f5 gxf5 24.gxf5 exf5 25.Bxf5 Re7 26.Bg5 Ree8 27.h4 Nc4 28.Bc1 Re7 29.Kf2 Rae8
30.Bd3 Nd6 31.Rxe7 Bxe7 32.h5 Bf6 33.Kf3 Re7 34.Bf4 Nc8 35.d5 Be5 36.dxc6 bxc6
37.Be4 Bxf4 38.Kxf4 Rc7 39.Rd1 Kf8 40.b3 Ke7 41.a4 bxa4 42.bxa4 Nd6 43.Ra1 Kd7
44.a5 Ra7 45.a6 Nb5 46.Rg1 Nc7 47.Bf5+ Ke7 48.Rxg7 Rxa6 49.Kg5 Kf8 50.h6 Ra8
51.Kf4  1/2-1/2

[Event "ch-GBR"]
[Site "Scarborough ENG"]
[Date "2004.08.10"]
[Round "8"]
[White "Ward,C"]
[Black "Knott,S"]
[Result "1/2-1/2"]
[WhiteElo "2490"]
[BlackElo "2359"]

1.d4 Nf6 2.Bg5 c5 3.Bxf6 gxf6 4.d5 Qb6 5.Qc1 d6 6.e3 Nd7 7.Nf3 f5 8.c4 Bg7
9.Nc3 Nf6 10.Nd2 Ne4 11.Ndxe4 fxe4 12.Be2 Rg8 13.g3 Bh3 14.Qc2 Qa5 15.a4 O-O-O
16.Ra3 f5 17.Bf1 Bxf1 18.Kxf1 Rdf8 19.Ne2 Be5 20.Kg2 h5 21.h4 Rg4 22.Rb1 Qb4
23.Kf1 a5 24.Nf4 Bxf4 25.exf4 Qb6 26.Rb3 Qa6 27.Rb5 Kc7 28.Re1 b6 29.Re3 Rb8
30.Kg2 Qc8 31.f3 exf3+ 32.Kxf3 Qf8 33.Qc3 Qg7 34.Qxg7 Rxg7 35.Rbb3 Rh8 36.Re6 Rhh7
37.Rbe3 Kd7 38.Rb3 Kc7 39.Kf2 Rh8 40.Rbe3 Kd7 41.Rb3 Kc7  1/2-1/2

[Event "It B"]
[Site "Montreal CAN"]
[Date "2004.08.11"]
[Round "7"]
[White "Lawson,E"]
[Black "Divljan,I"]
[Result "1-0"]
[WhiteElo "2276"]
[BlackElo "2317"]

1.d4 Nf6 2.Bg5 d5 3.e3 Ne4 4.Bf4 Nd7 5.Bd3 c5 6.Bxe4 dxe4 7.Nc3 Nf6 8.dxc5 Qxd1+
9.Rxd1 Bd7 10.Nge2 g6 11.Be5 Bg7 12.Nxe4 Bc6 13.Bxf6 exf6 14.Nd6+ Ke7 15.O-O Rab8
16.b4 Ba4 17.Nc3 Bxc2 18.Rd2 Bf5 19.Nd5+ Kf8 20.Nxf5 gxf5 21.Rfd1 Bh6 22.Nxf6 Kg7
23.Rd6 Bg5 24.Nh5+ Kf8 25.Rd7 Rg8 26.f4 Bh4 27.Rc7 Rg6 28.Rdd7 Re8 29.Rxf7+ Kg8
30.g3 Rh6 31.Ng7 Rxe3 32.Nxf5 Re1+ 33.Kg2 Re2+ 34.Kf3  1-0

[Event "ch-GBR"]
[Site "Scarborough ENG"]
[Date "2004.08.13"]
[Round "11"]
[White "Palliser,R"]
[Black "Mannion,S"]
[Result "1/2-1/2"]
[WhiteElo "2411"]
[BlackElo "2333"]

1.d4 Nf6 2.Bg5 d5 3.Bxf6 exf6 4.e3 Bd6 5.g3 O-O 6.Bg2 c6 7.Ne2 Re8 8.b3 f5
9.O-O Be6 10.Qd3 Nd7 11.c4 Nf6 12.Nbc3 a6 13.c5 Bc7 14.b4 h5 15.a4 h4 16.b5 axb5
17.axb5 Rxa1 18.Rxa1 hxg3 19.hxg3 Ng4 20.f3 Nf6 21.b6 Bb8 22.Kf2 Qe7 23.Rh1 Bc8
24.Qd2 Nh7 25.Nd1 Ng5 26.Nb2 Ne6 27.Nd3 g5 28.f4 f6 29.Nc3 Kg7 30.Qe2 Nd8
31.Nb4 Nf7 32.Bf3 Nh6 33.Rh5 Be6 34.Qd3 Bf7 35.Rh1 Rh8 36.Qd1 Re8 37.Nc2 Bg6
38.Qd3 Ng4+ 39.Bxg4 fxg4 40.f5 Bh7 41.Kg2 Rh8 42.Ne2 Qd7 43.Rf1 Qe8 44.Rh1 Qd7
45.Rf1 Qe8 46.Rh1  1/2-1/2

[Event "ch-ESP Abierto"]
[Site "Seville ESP"]
[Date "2004.08.13"]
[Round "1"]
[White "Alcaide Luque,A"]
[Black "Candela Perez,J"]
[Result "0-1"]
[WhiteElo "2059"]
[BlackElo "2435"]

1.d4 Nf6 2.Bg5 c5 3.Bxf6 gxf6 4.d5 Qb6 5.Qc1 f5 6.g3 Bg7 7.c3 d6 8.Bg2 Nd7
9.Nh3 h5 10.Nd2 Ne5 11.O-O h4 12.Nf3 Ng6 13.e3 e5 14.dxe6 fxe6 15.e4 fxe4
16.Qg5 Kf7 17.Nf4 Rh6 18.Nxh4 Nxh4 19.gxh4 d5 20.h5 Bd7 21.c4 Qd8 22.Qxd8 Rxd8
23.cxd5 exd5 24.Nxd5 Bb5 25.Rfd1 Ba4 26.Rd2 Re6 27.Re1 Bh6 28.Rde2 Rxd5 29.Bxe4 Rg5+
30.Kh1 Rxe4  0-1

[Event "Open"]
[Site "Vladimir RUS"]
[Date "2004.08.20"]
[Round "3"]
[White "Mishin,A"]
[Black "Gabrielian,A"]
[Result "1/2-1/2"]
[WhiteElo "2330"]
[BlackElo "2456"]

1.d4 Nf6 2.Bg5 c5 3.Bxf6 gxf6 4.Nc3 cxd4 5.Qxd4 Nc6 6.Qh4 f5 7.O-O-O Bg7
8.Rd3 Ne5 9.Rg3 Ng6 10.Qb4 a5 11.Qb5 a4 12.Nxa4 Ra5 13.Qb4 b5 14.Nc3 f4 15.Rg5 O-O
16.Nf3 d5 17.Nd4 Bb7 18.h4 e5 19.Ndxb5 d4 20.Nxd4 exd4 21.Rxa5 dxc3 22.bxc3 Ne5
23.Rc5 Qd7 24.Qxf4 Qe6 25.e3 Qxa2 26.Rxe5 Qa3+ 27.Kd2 Qd6+ 28.Bd3 Bxe5 29.Qg4+ Bg7
30.Rb1 Ba6 31.c4 Rd8 32.Ke2 Qc6 33.h5 h6 34.Qf3 Qc5 35.Qf5 Qxf5 36.Bxf5 Bxc4+
37.Bd3 Be6 38.Kf3 Bc3 39.Be4 Kg7 40.Rb7 Rd1 41.Rc7 Be5 42.Rc5 Bd6 43.Rb5 Bc4
44.Rf5 Rd2 45.g3 Ba2 46.Ra5 Bb1 47.Ra6 Bf8 48.Rc6 Be7 49.Rc5 Bd8 50.Rc8 Bf6
51.Rc7 Kf8 52.Rc8+ Kg7 53.Rc7 Be5 54.Rc5 Bd6 55.Rc6 Bf8 56.Rc7 Kf6 57.Bd3 Be7
58.Rc6+ Kg7 59.Rc7 Kf6 60.Rc6+ Kg7  1/2-1/2

[Event "Knjaz Milos Jezero Open"]
[Site "Belgrade SCG"]
[Date "2004.08.21"]
[Round "5"]
[White "Vasiljevic,D"]
[Black "Nestorovic,I"]
[Result "1-0"]
[WhiteElo "2333"]
[BlackElo "2116"]

1.d4 Nf6 2.Bg5 d5 3.Nc3 Nbd7 4.f3 h6 5.Bf4 c6 6.e4 e6 7.a3 a5 8.Bd3 Be7 9.e5 Nh7
10.Be3 b6 11.f4 Ndf8 12.Qg4 g6 13.Qh3 h5 14.Nf3 Rg8 15.g4 hxg4 16.Qxg4 Ba6
17.Bxa6 Rxa6 18.h4 Ra7 19.h5 f5 20.Qg2 g5 21.fxg5 Bxg5 22.Nxg5 Nxg5 23.h6 Nfh7
24.O-O-O Rf7 25.Ne2 Kd7 26.Rdg1 Rff8 27.Qf1 Qe7 28.Nf4 Ra8 29.Nh5 b5 30.Nf6+ Nxf6
31.exf6 Qxf6 32.h7  1-0

[Event "54th ch-HUN"]
[Site "Budapest HUN"]
[Date "2004.08.21"]
[Round "3"]
[White "Cao,S"]
[Black "Almasi,Z"]
[Result "0-1"]
[WhiteElo "2545"]
[BlackElo "2644"]

1.d4 Nf6 2.Bg5 d5 3.Bxf6 exf6 4.e3 c6 5.Nd2 Qb6 6.Qc1 Be6 7.Bd3 Nd7 8.Ne2 Bd6
9.c3 f5 10.O-O Qc7 11.Nf3 Nf6 12.c4 dxc4 13.Bxc4 Bd7 14.Qc2 O-O 15.Nc1 Rae8
16.Bd3 g6 17.Ne2 f4 18.Nxf4 Bxf4 19.exf4 Qxf4 20.Qc5 Be6 21.Rfe1 Bd5 22.Ne5 Rxe5
23.dxe5 Ng4 24.f3 b6  0-1

[Event "XVI Open"]
[Site "Porto San Giorgio ITA"]
[Date "2004.08.21"]
[Round "1"]
[White "Bruno,F"]
[Black "Rovedi,M"]
[Result "1/2-1/2"]
[WhiteElo "2341"]
[BlackElo "1957"]

1.d4 Nf6 2.Bg5 g6 3.Bxf6 exf6 4.c4 c5 5.Nc3 cxd4 6.Qxd4 Nc6 7.Qd2 Bb4 8.Rc1 O-O
9.e3 Ne5 10.a3 Bxc3 11.Rxc3 b6 12.Ne2 Bb7 13.Nf4 Re8 14.Be2 f5 15.O-O Qg5
16.Nd5 Bxd5 17.Qxd5 f4 18.g3 fxg3 19.hxg3 Rac8 20.Kg2 Rc5 21.Qd4 Qe7 22.Rd1 h5
23.Qf4 Rc6 24.Rd4 f5 25.Bf3 Rd6 26.Rxd6 Qxd6 27.Bd5+ Kg7 28.Qd4 Qf6 29.c5 Rb8
30.cxb6 Rxb6 31.Rc5 Ng4 32.b4 Qxd4 33.exd4 Rd6 34.Ra5 Nf6 35.Bf3 a6 36.Bb7 Rxd4
37.Rxa6 Rd2 38.Bf3 g5 39.a4 g4 40.Bb7 d5 41.a5 Ne4 42.Kg1 Rd1+ 43.Kg2 Ng5
44.Ra7 Kf6 45.Ba6 Nf3 46.Bf1 h4 47.gxh4 Nxh4+ 48.Kg1  1/2-1/2

[Event "I Fincas Mediterranea"]
[Site "Castelldefels ESP"]
[Date "2004.08.25"]
[Round "8"]
[White "Jerez Perez,A"]
[Black "Gonzalez Rodriguez,JA"]
[Result "1-0"]
[WhiteElo "2416"]
[BlackElo "2348"]

1.d4 Nf6 2.Bg5 c5 3.Nc3 cxd4 4.Qxd4 d6 5.O-O-O a6 6.e4 Nc6 7.Qd2 e6 8.f4 Qb6
9.Nf3 Be7 10.e5 dxe5 11.fxe5 Ng4 12.Bxe7 Nxe7 13.h3 Nh6 14.Na4 Qc7 15.Qd6 Qxd6
16.exd6 Nd5 17.Bc4 Nf6 18.Nb6 Rb8 19.Bb3 Bd7 20.Ne5 Bc6 21.Rhe1 Nd7 22.Nexd7 Bxd7
23.c4 Bc6 24.c5 O-O 25.g4 g6 26.Bc4 Kg7 27.b4 f5 28.Bxe6 fxg4 29.hxg4 Rf4
30.g5 Nf5 31.Bxf5 gxf5 32.a3 Rf3 33.Re7+ Kg6 34.d7 Rd8 35.Rd6+ Kxg5 36.Rxc6 bxc6
37.Re8 Rxd7 38.Nxd7 h5 39.Nb8 Rxa3 40.Nxc6 h4 41.Kb2 Rg3 42.Nd4 Rd3 43.Ne6+ Kf6
44.c6  1-0

[Event "ch-CAN"]
[Site "Toronto CAN"]
[Date "2004.08.25"]
[Round "6"]
[White "Lawson,E"]
[Black "Voskanian,V"]
[Result "1-0"]
[WhiteElo "2276"]
[BlackElo "2271"]

1.d4 Nf6 2.Bg5 d5 3.e3 Ne4 4.Bf4 Nd7 5.Bd3 Ndf6 6.f3 Nd6 7.g4 c5 8.dxc5 Qa5+
9.Nc3 Qxc5 10.Bxd6 exd6 11.Bb5+ Bd7 12.Bxd7+ Kxd7 13.Qd4 Re8 14.Kf2 Qxd4
15.exd4 Kc6 16.Nge2 Nd7 17.Nf4 Nb6 18.b4 Be7 19.h4 Rc8 20.Rac1 Bf6 21.Nfe2 Kd7
22.Nd1 g6 23.Nb2 Rhe8 24.g5 Rxe2+ 25.Kxe2 Bxd4 26.Nd3 Re8+ 27.Kf1 Bc3 28.Nf2 Kc6
29.b5+ Kxb5 30.h5 Nc4 31.Ng4 Kc6 32.hxg6 hxg6 33.Rh7 Re7 34.Kf2 Bd2 35.Rd1 Bxg5
36.Re1 Rxe1 37.Kxe1 f5 38.Nf2 Na3 39.Nh3 Bc1 40.Rg7 Nxc2+ 41.Kd1 Bb2 42.Rxg6 Nd4
43.f4 b5 44.Ng5 a5 45.Nf7 Ba3 46.Rf6 a4 47.Kd2 Bb2 48.Ne5+ Kc7 49.Rf7+ Kb6
50.Nd3 a3 51.Nb4 Kc5 52.Nd3+ Kc6 53.Nb4+ Kc5 54.Na6+ Kb6 55.Nb4 Kc5 56.Nc2 Ne6
57.Rxf5 b4 58.Rf7 b3 59.axb3 Kb6 60.Nb4 d4 61.Kc2 Nc5 62.Rf5 d3+ 63.Kd2 Bg7
64.Na2  1-0

[Event "3rd IM"]
[Site "Klaksvik FAI"]
[Date "2004.08.30"]
[Round "4"]
[White "Fries Nielsen,JO"]
[Black "Simonsen,O"]
[Result "1/2-1/2"]
[WhiteElo "2398"]
[BlackElo "2246"]

1.d4 d5 2.Bg5 Nf6 3.e3 c6 4.Nc3 Bg4 5.f3 Bh5 6.Nge2 Nbd7 7.Nf4 Bg6 8.h4 e5
9.dxe5 Nxe5 10.h5 Bf5 11.Qd4 Ned7 12.O-O-O Bc5 13.Qd2 Qa5 14.Bd3 Bxd3 15.Nxd3 Bd6
16.Kb1 h6 17.Bxf6 Nxf6 18.e4 dxe4 19.Nxe4 Qxd2 20.Nxd6+ Kd7 21.Rxd2  1/2-1/2

[Event "FSGM September"]
[Site "Budapest HUN"]
[Date "2004.09.06"]
[Round "3"]
[White "Nguyen Ngoc Truongson"]
[Black "Sammalvuo,T"]
[Result "1-0"]
[WhiteElo "2466"]
[BlackElo "2445"]

1.d4 Nf6 2.Bg5 d5 3.Bxf6 exf6 4.e3 Bd6 5.c4 dxc4 6.Bxc4 f5 7.Nc3 c6 8.Qf3 Nd7
9.Nge2 Nf6 10.O-O-O O-O 11.h3 Qe7 12.Bd3 g6 13.Rdg1 b5 14.g4 b4 15.Na4 c5
16.dxc5 Bb7 17.cxd6 Qd7 18.Qf4 Qxa4 19.Kb1 Bxh1 20.Rxh1 Rad8 21.Nd4 Qd7 22.Nxf5 Nd5
23.Qh6 f6 24.Nd4 Qxd6 25.h4 Rf7 26.Rc1 Rc7 27.Bc4 Qb6 28.h5 gxh5 29.Rg1 Rf7
30.g5 Kh8 31.g6 f5 32.Bxd5 Rxd5 33.gxf7  1-0

[Event "zt2.3.c2"]
[Site "San Jose CRC"]
[Date "2004.09.08"]
[Round "5"]
[White "Hernandez Basante,F"]
[Black "Bendana,G"]
[Result "1-0"]
[WhiteElo "2244"]
[BlackElo "2166"]

1.d4 d5 2.Bg5 Nf6 3.Nc3 e6 4.e4 dxe4 5.Nxe4 Be7 6.Bxf6 Bxf6 7.Nf3 O-O 8.Qd2 Nd7
9.O-O-O c6 10.g4 b6 11.h4 Bb7 12.Nd6 Qc7 13.Nxb7 Qxb7 14.Bd3 Rfd8 15.g5 Be7
16.h5 c5 17.Qf4 Nf8 18.Be4 Bd6 19.Qg4 Qc7 20.Bxa8 Rxa8 21.d5 exd5 22.Rxd5 Rd8
23.Kb1 Qc6 24.Rhd1 Ne6 25.Ne5 Qc7 26.Nxf7 Kxf7 27.g6+ hxg6 28.Qxg6+ Ke7 29.Re1 Be5
30.Rxd8 Qxd8 31.Qe4 Bf6 32.Qxe6+ Kf8 33.a4 a6 34.Re3 Qd1+ 35.Ka2 Qxh5 36.Qc8+  1-0

[Event "ProMoPro Open"]
[Site "Prague CZE"]
[Date "2004.09.12"]
[Round "2"]
[White "Forman,M"]
[Black "Matras,O"]
[Result "1/2-1/2"]
[WhiteElo "2023"]
[BlackElo "2230"]

1.d4 Nf6 2.Bg5 d5 3.Nd2 Nbd7 4.Ngf3 c5 5.e3 Qb6 6.Rb1 e6 7.c3 Bd6 8.Bd3 O-O
9.O-O Re8 10.Bxf6 Nxf6 11.Ne5 Bd7 12.Nxd7 Nxd7 13.f4 g6 14.Kh1 Rac8 15.g4 f6
16.Qf3 Bb8 17.f5 Qd6 18.Rf2 exf5 19.gxf5 g5 20.Rg1 Kh8 21.Nf1  1/2-1/2

[Event "TCh-CRO"]
[Site "Rabac CRO"]
[Date "2004.09.13"]
[Round "9"]
[White "Cebalo,M"]
[Black "Zelcic,R"]
[Result "0-1"]
[WhiteElo "2527"]
[BlackElo "2521"]

1.d4 Nf6 2.Bg5 c5 3.Bxf6 gxf6 4.d5 Qb6 5.Qc1 f5 6.g3 Bg7 7.c3 Na6 8.Bg2 Nc7
9.Nh3 O-O 10.Qc2 Qh6 11.Nf4 e5 12.dxe6 fxe6 13.Nd2 d5 14.Rd1 b5 15.O-O c4
16.b3 Rb8 17.e3 Bd7 18.Ne2 Rfd8 19.f4 Ne8 20.bxc4 bxc4 21.Rb1 Nf6 22.Rxb8 Rxb8
23.Rb1 Rb6 24.Rb2 Bf8 25.Nd4 Ng4 26.Nf1 Bc5 27.h3 Nf6 28.Rxb6 axb6 29.Qd1 Qg7
30.Kh2 Qf8 31.Nd2 Bxd4 32.exd4 Ne4 33.Bxe4 fxe4 34.Qb1 b5 35.Qb4 Qf5 36.Nf1 e5
37.Qd6 exf4 38.Qxf4 Qxf4 39.gxf4 b4 40.cxb4 c3 41.Ne3 Ba4 42.Kg3 c2 43.Nxc2 Bxc2
44.b5 Ba4 45.b6 Bc6 46.f5 Kf7 47.Kf4 Kf6 48.h4 h5 49.a4 Bb7  0-1

[Event "ProMoPro Open"]
[Site "Prague CZE"]
[Date "2004.09.15"]
[Round "5"]
[White "Forman,M"]
[Black "Kout,Z"]
[Result "1/2-1/2"]
[WhiteElo "2023"]
[BlackElo "2139"]

1.d4 Nf6 2.Bg5 c5 3.Nc3 cxd4 4.Qxd4 Nc6 5.Qd2 e6 6.e4 Be7 7.f4 O-O 8.e5 Nd5
9.Bxe7 Ncxe7 10.Nf3 f6 11.Nxd5 Nxd5 12.Bc4 Nb6 13.Bb3 Qc7 14.Qd6 Qc6 15.Nd4 Qe4+
16.Ne2 fxe5 17.Qxe5 Qxe5 18.fxe5 Rf5 19.O-O-O Rxe5 20.Nf4 d5 21.c3 Bd7 22.Rhe1 Rxe1
23.Rxe1 Re8 24.Nd3 Kf7 25.Bc2 g6 26.h4 Ke7 27.h5 Kd6 28.hxg6 hxg6 29.Ne5 g5
30.Nf7+ Kc7 31.Nxg5 Rg8 32.Nxe6+ Bxe6 33.Rxe6 Rxg2 34.b3 Rf2 35.Re7+ Kc6
36.a4 Nc8 37.Rh7 Nd6 38.Re7 a6 39.Bd3  1/2-1/2

[Event "Georgiev-Kesarovski Mem"]
[Site "Sunny Beach BUL"]
[Date "2004.09.21"]
[Round "5"]
[White "Vasilev,M"]
[Black "Velchev,H"]
[Result "0-1"]
[WhiteElo "2417"]
[BlackElo "2171"]

1.d4 d5 2.Bg5 Nf6 3.Bxf6 exf6 4.e3 Bd6 5.Bd3 O-O 6.Qf3 Nc6 7.c3 Be6 8.Ne2 Qd7
9.h3 Ne7 10.Nd2 f5 11.O-O Kh8 12.b3 c6 13.c4 Ng8 14.Nf4 Nf6 15.c5 Ne4 16.Qd1 Bc7
17.b4 Qe7 18.a4 Bxf4 19.exf4 Qh4 20.Nf3 Qxf4 21.b5 Ng5 22.Nxg5 Qxg5 23.f4 Qf6
24.Be2 Rae8 25.a5 Bd7 26.a6 Qe6 27.Rf2 Rb8 28.b6 bxa6 29.bxa7 Rb7 30.Rxa6 Ra8
31.Qa1 Bc8 32.Bf1 Qe7 33.Re2 Be6 34.Rb2 h5 35.Rba2 Qc7 36.h4 Qxf4 37.Rxc6 Rbxa7
38.Rxa7 Rxa7 39.Ba6 Qe3+ 40.Kh1 f4 41.Qb1 f3 42.Qb8+ Kh7 43.Qxa7 Bh3 44.Kh2 fxg2
45.Rh6+ Kxh6 46.Qb6+ Be6 47.Qb1 Qf2  0-1

[Event "Monarch Assurance"]
[Site "Port Erin IOM"]
[Date "2004.09.25"]
[Round "1"]
[White "Collier,D"]
[Black "Bennion,D"]
[Result "1/2-1/2"]
[WhiteElo "2168"]
[BlackElo "2052"]

1.d4 Nf6 2.Bg5 g6 3.Bxf6 exf6 4.g3 Bg7 5.Bg2 d5 6.e3 O-O 7.Ne2 Bf5 8.Nd2 c6
9.O-O Na6 10.a3 Re8 11.Rc1 Qd7 12.Nf4 Nc7 13.c4 dxc4 14.Nxc4 Nd5 15.Nxd5 cxd5
16.Nd2 Rac8 17.Qb3 Be4 18.Nxe4 dxe4 19.Rc3 Rxc3 20.bxc3 f5 21.Rb1 b6 22.Bf1 Rc8
23.Ba6 Rc7 24.c4 Bf8 25.a4 Kg7 26.Qa2 f4 27.Qc2 fxe3 28.fxe3 Qd5 29.Qf2 Qa5
30.Bb5 Qc3 31.Rf1 f5 32.Qf4 Rf7 33.Kg2 Qb4 34.Be8 Bd6 35.Qf2 Rf8 36.Bb5 a6
37.Bxa6 Qxa4 38.Bb5 Qb3 39.Ra1 Ba3 40.Qa2 Qxa2+ 41.Rxa2 Bc1 42.Kf2 h5 43.Ra1 Bd2
44.Ke2 Bc3 45.Ra3 Bb4 46.Ra6 Rf6 47.Ra7+  1/2-1/2

[Event "Monarch Assurance"]
[Site "Port Erin IOM"]
[Date "2004.09.25"]
[Round "1"]
[White "Grant,A"]
[Black "Milligan,H"]
[Result "1-0"]
[WhiteElo "2193"]
[BlackElo "2077"]

1.d4 Nf6 2.Bg5 c5 3.Bxf6 gxf6 4.d5 Qb6 5.Qc1 f5 6.c4 Bg7 7.Nc3 d6 8.Nh3 Nd7
9.e3 Nf6 10.f3 Bd7 11.Bd3 e6 12.O-O O-O 13.Kh1 Rae8 14.Re1 Qd8 15.Qc2 Kh8
16.a4 a6 17.Nf2 h6 18.Rad1 Rg8 19.Rd2 Qc8 20.Rde2 e5 21.Rb1 Nh5 22.b4 Bf6
23.bxc5 dxc5 24.Rb6 Qc7 25.a5 Rg6 26.Bxf5 Bxf5 27.Qxf5 Ng7 28.Qb1 Rb8 29.Reb2 Bg5
30.Rxb7 Rxb7 31.Rxb7 Qxa5 32.Nce4 Nh5 33.Nxg5 hxg5 34.g4 Nf6 35.Rxf7  1-0

[Event "Premier League"]
[Site "Belgrade SCG"]
[Date "2004.09.26"]
[Round "2"]
[White "Ostojic,N"]
[Black "Paunovic,T"]
[Result "1/2-1/2"]
[WhiteElo "2431"]
[BlackElo "2351"]

1.d4 Nf6 2.Bg5 d5 3.e3 e6 4.c4 Be7 5.Nc3 h6 6.Bh4 O-O 7.Nf3 b6 8.Bd3 Bb7
9.O-O Nbd7 10.Qe2 Ne4 11.Bg3 h5 12.cxd5 exd5 13.Rac1 Rc8  1/2-1/2

[Event "Monarch Assurance"]
[Site "Port Erin IOM"]
[Date "2004.09.27"]
[Round "3"]
[White "Walton,A"]
[Black "Bennion,D"]
[Result "1-0"]
[WhiteElo "2208"]
[BlackElo "2052"]

1.d4 Nf6 2.Bg5 g6 3.Bxf6 exf6 4.e3 Bg7 5.g3 O-O 6.Bg2 d5 7.Ne2 c6 8.Nd2 Qb6
9.b3 Bg4 10.O-O Re8 11.c4 Qa6 12.Re1 dxc4 13.bxc4 Nd7 14.Rb1 Nb6 15.Qc2 Bh6
16.Ne4 Rxe4 17.Bxe4 Qxc4 18.Qxc4 Nxc4 19.Nc3 Nd2 20.Rxb7 Bf3 21.Bd3 c5 22.d5 f5
23.Rc1 Bg7 24.Rb2 c4 25.Rxd2 cxd3 26.Rxd3 Rc8 27.d6 Bf6 28.d7  1-0

[Event "TCh-Vojvodina"]
[Site "Sombor SCG"]
[Date "2004.09.27"]
[Round "4"]
[White "Sarvak,J"]
[Black "Nedeljkovic,Dj"]
[Result "1/2-1/2"]
[WhiteElo "2129"]
[BlackElo "2202"]

1.d4 Nf6 2.Bg5 d5 3.e3 Nbd7 4.f4 c5 5.Bxf6 exf6 6.c3 Bd6 7.Qf3 Qb6 8.b3 O-O
9.Bd3 a5 10.Qxd5 cxd4 11.cxd4 Bb4+ 12.Kf2 a4 13.Bc2 Ra5 14.Qc4 Qd6 15.Ne2 b6  1/2-1/2

[Event "Tatry Open"]
[Site "Tatranske Zruby SVK"]
[Date "2004.09.27"]
[Round "3"]
[White "Bukacek,L"]
[Black "Daubner,J"]
[Result "1/2-1/2"]
[WhiteElo "2091"]
[BlackElo "2211"]

1.d4 Nf6 2.Bg5 g6 3.Bxf6 exf6 4.e3 d6 5.g3 Bg7 6.Bg2 O-O 7.Nf3 c6 8.O-O Be6
9.Nbd2 Qc8 10.c4 Bh3 11.Rc1 Bxg2 12.Kxg2 Nd7 13.b4 a6 14.Qb3 f5 15.a4 Nf6
16.Rc2 Qe6 17.Rb1 Ne4 18.c5 d5 19.b5 axb5 20.axb5 g5 21.Qd3 f4 22.exf4 gxf4
23.Re1 Rfe8 24.Ng5 Qg6 25.Ngxe4 dxe4 26.Rxe4 Rxe4 27.Qxe4 Qxe4+ 28.Nxe4 fxg3
29.bxc6 bxc6 30.hxg3 Bxd4 31.Rc4 Rd8 32.g4  1/2-1/2

[Event "TCh-Vojvodina"]
[Site "Sombor SCG"]
[Date "2004.09.28"]
[Round "6"]
[White "Sarvak,J"]
[Black "Orlov,K"]
[Result "1/2-1/2"]
[WhiteElo "2129"]
[BlackElo "2297"]

1.d4 Nf6 2.Bg5 c5 3.Bxf6 gxf6 4.c3 cxd4 5.cxd4 d5 6.Nf3 Nc6 7.Nc3 e6 8.e3 Qb6
9.Qd2 Rg8 10.g3 Bd7 11.Be2 Rc8 12.O-O Na5 13.e4 Nc4 14.Bxc4 dxc4 15.e5 Bc6
16.d5 Rd8 17.exf6 Bxd5 18.Nxd5 Rxd5 19.Qe2 Qc7 20.Rfd1 Rxd1+ 21.Rxd1 Bc5
22.Ne5  1/2-1/2